00460nam a2200169Ia 4500003000400000005001700004008004100021020002200062040000700084041000800091082002100099100001800120245008200138260003700220300001500257365001800272OSt20230502143858.0210423s2006 xx 000 0 und d a978-3-540-33218-9 cAL aeng a518.1 223bSEIA aSEIBT (Peter) aAlgorithmic information theory: mathematics of digital information processing aNew YorkbSpringer Pvt Ltdc2006 avi,437bHB b10746.87cINR